000 00304nam a22001457a 4500
008 210323b ||||| |||| 00| 0 eng d
020 _a9780714870199
041 _aeng
080 _a7
082 _a7
100 _a44
101 _aART
245 _aDo It Yourself
_cBarnthaler,Th
942 _2udc
_cBK
999 _c56689
_d56689